[Event "Elit(Kungstornet-Kristallen)"]
[Site "?"]
[Date "2025.01.19"]
[Round "6"]
[White "Naslund, Mikael"]
[Black "Couso, Luis"]
[Result "1/2-1/2"]
[WhiteElo "2129"]
[BlackElo "2250"]
[PlyCount "30"]
[SourceVersionDate "2025.01.31"]

1. d4 Nf6 2. c4 e6 3. Nf3 b6 4. g3 Ba6 5. b3 Bb4+ 6. Bd2 Be7 7. Bg2 d5 8. cxd5 exd5 9. O-O O-O 10. Nc3 Re8 11. Re1 c5 12. Rc1 Nbd7 13. Bf4 Rc8 14. dxc5 Nxc5 15. Nd4 Ne6 1/2-1/2

[Event "Elit(Wasa-Stockholms SS)"]
[Site "?"]
[Date "2025.01.19"]
[Round "6"]
[White "Tuomainen, Felix"]
[Black "Wernberg, Hugo"]
[Result "0-1"]
[WhiteElo "2241"]
[BlackElo "2209"]
[PlyCount "90"]
[SourceVersionDate "2025.02.01"]

1. d4 d5 2. Nf3 Nf6 3. c4 c6 4. e3 e6 5. Qc2 Nbd7 6. Bd3 Bd6 7. O-O O-O 8. Nbd2 h6 9. e4 dxe4 10. Nxe4 Nxe4 11. Bxe4 f5 12. Bd3 Qf6 13. Re1 c5 14. Qe2 Re8 15. Be3 b6 16. Rad1 Bc7 17. Bc2 Re7 18. Qd3 Rf7 19. Bd2 cxd4 20. Nxd4 Nc5 21. Qe3 f4 22. Qc3 Be5 23. Rxe5 Qxe5 24. Re1 Qf6 25. b4 Rd7 26. Nf3 Nd3 27. Qxf6 gxf6 28. Bxd3 Rxd3 29. Bxf4 Kf7 30. Bxh6 Ba6 31. c5 Rad8 32. h4 Rd1 33. Rxd1 Rxd1+ 34. Kh2 bxc5 35. bxc5 Ra1 36. Be3 Rxa2 37. c6 Bc8 38. g4 e5 39. g5 Bg4 40. Kg3 Bxf3 41. Kxf3 a5 42. Ke4 Ke6 43. g6 Ra4+ 44. Kd3 Rxh4 45. Bc5 Rg4 0-1

[Event "Elit(Limhamn-Vaxjo)"]
[Site "?"]
[Date "2025.01.19"]
[Round "6"]
[White "Brynell, Stellan"]
[Black "Sevastianov, Andrii"]
[Result "0-1"]
[WhiteElo "2380"]
[BlackElo "2147"]
[PlyCount "126"]
[SourceVersionDate "2025.01.31"]

1. d4 d5 2. c4 dxc4 3. Nf3 Nf6 4. e3 e6 5. Bxc4 c5 6. O-O Nc6 7. Nc3 a6 8. Bd3 b5 9. dxc5 Bxc5 10. a3 Bb7 11. b4 Bb6 12. Bb2 O-O 13. Qc2 Rc8 14. Rad1 Qe7 15. Qb1 Rfd8 16. Ne2 h6 17. Ng3 Rd7 18. Rd2 Rcd8 19. Rfd1 a5 20. Bxb5 Rxd2 21. Rxd2 Rxd2 22. Nxd2 axb4 23. a4 Nd5 24. Qc2 Na5 25. Nf3 Qc7 26. Qxc7 Nxc7 27. Bd3 Bc6 28. Kf1 Bxa4 29. Ke2 Nd5 30. Ne4 Nb3 31. Bc4 Nc5 32. Nxc5 Bxc5 33. Kd3 Bc6 34. Nd4 Bb7 35. Nb3 Bd6 36. g3 Be7 37. Bd4 Kf8 38. e4 Nf6 39. f3 h5 40. h3 h4 41. g4 Nh7 42. f4 g5 43. Nc5 Bc6 44. f5 exf5 45. exf5 Nf6 46. Ke3 Nxg4+ 47. Ke2 Nf6 48. Nd3 Nd7 49. Nf2 Bg2 50. Bb5 Nf6 51. Bd3 Nd5 52. Bc4 Nf4+ 53. Ke3 f6 54. Ne4 Bxe4 55. Kxe4 Nxh3 56. Kf3 Nf4 57. Kg4 Kg7 58. Be3 Bd6 59. Ba6 b3 60. Bc4 b2 61. Ba2 Be5 62. Bc5 h3 63. Bg1 Ne2 0-1

[Event "Elit(Kungstornet-Kristallen)"]
[Site "?"]
[Date "2025.01.19"]
[Round "6"]
[White "Larsson, Anders"]
[Black "Ral Lustig, Melvin"]
[Result "0-1"]
[WhiteElo "2196"]
[BlackElo "2154"]
[PlyCount "110"]
[SourceVersionDate "2025.01.31"]

1. e4 c5 2. Nf3 d6 3. Bb5+ Bd7 4. a4 Nf6 5. Qe2 Nc6 6. c3 a6 7. Bxc6 Bxc6 8. d3 g6 9. c4 b5 10. axb5 axb5 11. Rxa8 Qxa8 12. cxb5 Bxb5 13. Na3 Ba6 14. O-O Bg7 15. Re1 Nd7 16. Qc2 O-O 17. Nc4 Rb8 18. h3 Qb7 19. Re2 Qb3 20. Ne1 Bxc4 21. Qxc4 Qxc4 22. dxc4 Ne5 23. Rc2 Rb4 24. f4 Nc6 25. Nf3 Na5 26. Nd2 Bd4+ 27. Kf1 Be3 28. g3 Nc6 29. Nf3 Bxc1 30. Rxc1 Rxb2 31. e5 dxe5 32. Nxe5 Nd4 33. Nd3 Ra2 34. Nxc5 Ne2 35. Re1 Nxg3+ 36. Kg1 e6 37. Nd3 Rc2 38. c5 Rc3 39. Re3 Nf5 40. Rf3 Nd4 41. Re3 Nb3 42. Kf2 Nxc5 43. Nxc5 Rxc5 44. Kg3 Kg7 45. Ra3 Kf6 46. Kg4 h5+ 47. Kh4 Kf5 48. Kg3 Rd5 49. Rb3 Ke4 50. Kh4 f6 51. Rb6 Kf5 52. Rb4 Rd3 53. Rb5+ e5 54. fxe5 g5+ 55. Kxh5 Rxh3# 0-1

[Event "Elit(Wasa-Stockholms SS)"]
[Site "?"]
[Date "2025.01.19"]
[Round "6"]
[White "Bellon Lopez, Juan"]
[Black "Cederstam, Carl"]
[Result "1-0"]
[WhiteElo "2278"]
[BlackElo "2301"]
[PlyCount "71"]
[SourceVersionDate "2025.02.01"]

1. d4 Nf6 2. Nf3 b6 3. c4 e6 4. g3 Bb7 5. Bg2 Bb4+ 6. Nbd2 O-O 7. O-O d5 8. a3 Be7 9. b3 a5 10. Qc2 Ra7 11. Bb2 Nbd7 12. Rfd1 Qa8 13. cxd5 Bxd5 14. Ne1 Bxg2 15. Nxg2 c5 16. a4 Rc8 17. Nc4 Rac7 18. Rac1 Qb7 19. Qb1 b5 20. axb5 Qxb5 21. Qa2 cxd4 22. Bxd4 e5 23. Bb2 Bc5 24. e3 Bb4 25. Qa1 Ne4 26. Qb1 Qb7 27. h4 a4 28. Qa2 axb3 29. Qxb3 Nxf2 30. Nd6 Qf3 31. Nxc8 Qxg3 32. Rf1 Nc5 33. Qxb4 Ng4 34. Bxe5 Nxe5 35. Rxc5 Ng4 36. Ne7+ 1-0

[Event "Elit(LASK-Eksjo)"]
[Site "?"]
[Date "2025.01.19"]
[Round "6"]
[White "Heberla, Bartlomiej"]
[Black "Thybo, Jesper Sondergaard"]
[Result "1/2-1/2"]
[WhiteElo "2498"]
[BlackElo "2556"]
[PlyCount "43"]
[SourceVersionDate "2025.01.31"]

1. Nf3 Nf6 2. c4 c5 3. Nc3 e6 4. e3 d5 5. cxd5 exd5 6. d4 a6 7. b3 Nc6 8. Bb2 Bg4 9. dxc5 Bxc5 10. Be2 O-O 11. O-O Qd6 12. h3 Bh5 13. Nh4 Bg6 14. Nxg6 hxg6 15. Bf3 Rad8 16. Ne2 Ba3 17. Qc1 Bxb2 18. Qxb2 Ne5 19. Rfd1 Rc8 20. Rd2 Rc5 21. Rc1 Rfc8 22. Rxc5 1/2-1/2

[Event "Elit(SS 4 Springare-Rockaden,Stockholm)"]
[Site "?"]
[Date "2025.01.19"]
[Round "6"]
[White "Neiksans, Arturs"]
[Black "Kazakouski, Valery"]
[Result "1-0"]
[WhiteElo "2566"]
[BlackElo "2562"]
[PlyCount "141"]
[SourceVersionDate "2025.01.31"]

1. e4 e5 2. Nf3 Nc6 3. Bc4 d6 4. d4 Nf6 5. d5 Nb8 6. Qe2 Nbd7 7. O-O Be7 8. Bd3 Nc5 9. Bb5+ Kf8 10. Nfd2 a6 11. Bc4 b5 12. Bd3 c6 13. dxc6 Qb6 14. Nb3 Nxb3 15. axb3 Qxc6 16. f4 h5 17. Nc3 Be6 18. h3 g6 19. fxe5 dxe5 20. Bg5 Nd7 21. Bxe7+ Kxe7 22. Kh1 h4 23. Qe3 Kf8 24. Rf2 Kg7 25. Raf1 Qc5 26. Qg5 Raf8 27. Nd1 Qd6 28. Nc3 Rh5 29. Qe3 Qc5 30. Qc1 Qe7 31. Be2 Rhh8 32. Bf3 Nc5 33. Qe3 b4 34. Nb1 Bd7 35. Be2 f5 36. exf5 gxf5 37. Nd2 Kg6 38. c3 a5 39. Bd1 Bb5 40. Be2 Bd7 41. cxb4 axb4 42. Rc1 Rc8 43. Rc4 e4 44. Rxb4 Rhe8 45. Rb6+ Rc6 46. Rxc6+ Bxc6 47. Bh5+ Kxh5 48. Rxf5+ Kg6 49. Rxc5 Bd7 50. Rc4 Bf5 51. Rc6+ Kf7 52. Qh6 Kg8 53. Qe3 Bh7 54. Rc5 Bg6 55. Nc4 Qf6 56. Kh2 Kg7 57. Rd5 Re7 58. Rd6 Qf5 59. Kg1 Rf7 60. Rd1 Rf8 61. b4 Kh7 62. b3 Kg8 63. Kh1 Kh7 64. Ra1 Rd8 65. Qc5 Qf6 66. Re1 Rd3 67. Ne5 Rxb3 68. Qc7+ Kh8 69. Nxg6+ Qxg6 70. Qe5+ Kg8 71. Qxe4 1-0

[Event "Elit(LASK-Eksjo)"]
[Site "?"]
[Date "2025.01.19"]
[Round "6"]
[White "Kucuksari, Kaan"]
[Black "Olsson, William"]
[Result "1-0"]
[WhiteElo "2462"]
[BlackElo "2369"]
[PlyCount "81"]
[SourceVersionDate "2025.01.31"]

1. d4 d5 2. c4 c6 3. Nf3 Nf6 4. e3 Bf5 5. Nc3 e6 6. Nh4 Bg6 7. Nxg6 hxg6 8. Bd2 Nbd7 9. cxd5 exd5 10. Qc2 Bd6 11. O-O-O Qc7 12. Be2 O-O-O 13. Kb1 Kb8 14. h4 Rde8 15. g4 Ne4 16. Nxe4 dxe4 17. Bc3 Nf6 18. d5 Nxd5 19. Bxg7 Rh7 20. Bd4 Qe7 21. Bc4 Nb6 22. Bb3 Bc7 23. h5 gxh5 24. gxh5 f5 25. f4 exf3 26. Qxf5 Rf8 27. Qg6 Nd5 28. h6 Nf6 29. Qg5 b6 30. Bc2 Rhh8 31. Rdf1 c5 32. Bc3 Qe6 33. Ka1 Qc6 34. h7 f2 35. Rh6 Qb5 36. Rxf2 Ne4 37. Rxf8+ Rxf8 38. Qf5 Rxf5 39. h8=Q+ Kb7 40. Bxe4+ Ka6 41. Qc8# 1-0

[Event "Elit(SS 4 Springare-Rockaden,Stockholm)"]
[Site "?"]
[Date "2025.01.19"]
[Round "6"]
[White "Sivuk, Vitaly"]
[Black "Seo, Jung Min"]
[Result "1/2-1/2"]
[WhiteElo "2493"]
[BlackElo "2491"]
[PlyCount "106"]
[SourceVersionDate "2025.01.31"]

1. d4 Nf6 2. c4 e6 3. Nf3 d5 4. Nc3 Bb4 5. cxd5 exd5 6. Bg5 h6 7. Bh4 g5 8. Bg3 Ne4 9. Nd2 Nxg3 10. hxg3 c6 11. Qc2 Be6 12. a3 Bf8 13. e4 dxe4 14. Qxe4 Bg7 15. Nf3 Qe7 16. Bd3 Nd7 17. O-O Nf6 18. Qe2 O-O 19. Rfe1 Rfe8 20. Rad1 Rad8 21. Bb1 Qc7 22. Qc2 a6 23. Ne5 Qb6 24. Na4 Qb3 25. Nc5 Qxc2 26. Bxc2 Bc8 27. Bb3 Nd5 28. Bxd5 cxd5 29. Rc1 Re7 30. Na4 Bf5 31. g4 Bh7 32. Nb6 Re6 33. Na4 Bxe5 34. dxe5 d4 35. Nc5 Re7 36. Rcd1 d3 37. f3 Kg7 38. Rd2 Rd5 39. b4 a5 40. Kf2 axb4 41. axb4 b6 42. Na4 b5 43. Nc5 Rd4 44. e6 Rxb4 45. exf7 Rxe1 46. Kxe1 Rb1+ 47. Kf2 Kxf7 48. Nxd3 Bxd3 49. Rxd3 Rb2+ 50. Kg3 Kf6 51. Rd8 Kf7 52. Rd7+ Kg6 53. Rd6+ Kg7 1/2-1/2

[Event "Elit(LASK-Eksjo)"]
[Site "?"]
[Date "2025.01.19"]
[Round "6"]
[White "Gdanski, Jacek"]
[Black "Storme, Isak"]
[Result "0-1"]
[WhiteElo "2484"]
[BlackElo "2455"]
[PlyCount "54"]
[SourceVersionDate "2025.01.31"]

1. e4 e5 2. Nf3 Nc6 3. Bb5 a6 4. Ba4 d6 5. Bxc6+ bxc6 6. d4 exd4 7. Qxd4 c5 8. Qd3 g6 9. Nc3 Bg7 10. Bg5 f6 11. Be3 Nh6 12. O-O-O Nf7 13. Qc4 Bd7 14. h4 h5 15. Nd5 O-O 16. Nf4 Kh7 17. Ne6 Bxe6 18. Qxe6 Qe8 19. Qd5 Qa4 20. Kb1 c6 21. Qd3 Rab8 22. c3 f5 23. Qc2 Qxe4 24. Kc1 Qc4 25. a3 Qa2 26. Nd2 Ne5 27. Nb1 f4 0-1

[Event "Elit(SS 4 Springare-Rockaden,Stockholm)"]
[Site "?"]
[Date "2025.01.19"]
[Round "6"]
[White "Hammer, Jon Ludvig"]
[Black "Poley, Vladimir"]
[Result "1-0"]
[WhiteElo "2603"]
[BlackElo "2271"]
[PlyCount "61"]
[SourceVersionDate "2025.01.31"]

1. d4 g6 2. e4 Bg7 3. Nf3 c6 4. h3 d5 5. exd5 cxd5 6. Bd3 Nc6 7. c3 Nh6 8. O-O O-O 9. Re1 f6 10. c4 e6 11. Nc3 Nf7 12. cxd5 exd5 13. Qb3 b6 14. Nxd5 Bb7 15. Nf4 Na5 16. Qd1 Qd6 17. Be4 Nc6 18. d5 Nb4 19. a3 Na6 20. Ne6 Rfe8 21. Bf4 Qd7 22. Nxg7 Kxg7 23. b4 Nc7 24. Rc1 Nxd5 25. Rc7 Qb5 26. Rxb7 Nxf4 27. Qb3 Re6 28. Rxf7+ Kxf7 29. Bxa8 Ne2+ 30. Rxe2 Qxe2 31. Bd5 1-0

[Event "Elit(LASK-Eksjo)"]
[Site "?"]
[Date "2025.01.19"]
[Round "6"]
[White "Smith, Axel"]
[Black "Vernersson, Per"]
[Result "1-0"]
[WhiteElo "2430"]
[BlackElo "2262"]
[PlyCount "141"]
[SourceVersionDate "2025.01.31"]

1. c4 c6 2. d4 d5 3. Nf3 Nf6 4. g3 g6 5. b3 Bg7 6. Bb2 O-O 7. Bg2 Ne4 8. O-O a5 9. Nc3 Nxc3 10. Bxc3 b5 11. cxd5 cxd5 12. Ne5 Bb7 13. Qd2 Qb6 14. Rfc1 e6 15. a3 Rc8 16. e3 Bf8 17. Bb2 f6 18. Nd3 Nd7 19. Rxc8 Rxc8 20. b4 axb4 21. axb4 Ra8 22. Rxa8 Bxa8 23. Nc5 Qd6 24. Bc3 Bc6 25. Qa2 Nb6 26. Qa6 Nc4 27. Qc8 Kf7 28. Nb7 Bxb7 29. Qxb7+ Be7 30. Bf1 Qb6 31. Qxb6 Nxb6 32. Bxb5 Bd6 33. Kf1 Ke7 34. Ke2 Kd8 35. h3 Ke7 36. g4 g5 37. f3 h6 38. e4 Bf4 39. Kd3 Kd6 40. Be1 Kc7 41. Be8 Kd8 42. Bf7 Ke7 43. Bg8 Bd6 44. Bc3 dxe4+ 45. fxe4 e5 46. b5 Kd7 47. Be1 Kc7 48. h4 exd4 49. Kxd4 Be5+ 50. Kd3 Nd7 51. Ba5+ Kd6 52. Bb4+ Kc7 53. h5 Kb6 54. Bc4 Ba1 55. Ke3 Bb2 56. Be7 Ne5 57. Be2 Nd7 58. Bd8+ Kc5 59. Be7+ Kb6 60. Kd3 Nc5+ 61. Kc2 Be5 62. Bf8 Nxe4 63. Bxh6 Nc3 64. Bc4 f5 65. gxf5 g4 66. Be3+ Kb7 67. h6 g3 68. Bf1 Kc7 69. b6+ Kd7 70. Bg2 Ne2 71. b7 1-0

[Event "Elit(SS 4 Springare-Rockaden,Stockholm)"]
[Site "?"]
[Date "2025.01.19"]
[Round "6"]
[White "Larkin, Vladyslav"]
[Black "Trost, Edvin"]
[Result "0-1"]
[WhiteElo "2451"]
[BlackElo "2443"]
[PlyCount "92"]
[SourceVersionDate "2025.01.31"]

1. c4 e6 2. Nf3 d5 3. d4 Nf6 4. g3 Be7 5. Bg2 O-O 6. O-O Nc6 7. b3 b6 8. Ne5 Bb7 9. Nc3 Bb4 10. Bb2 Nxe5 11. dxe5 Ne4 12. Nxe4 dxe4 13. a3 Qd2 14. Rb1 Bc3 15. b4 Rfd8 16. Qxd2 Bxd2 17. e3 c5 18. Rfd1 Rac8 19. bxc5 bxc5 20. Bc3 Bxc3 21. Rxd8+ Rxd8 22. Rxb7 Rd1+ 23. Bf1 g6 24. Rxa7 Ra1 25. Ra8+ Kg7 26. f4 exf3 27. Kf2 Bxe5 28. g4 Bxh2 29. Bd3 Rg1 30. Kxf3 Rg3+ 31. Kf2 Rxg4 32. a4 Rg1 33. Bf1 Rg5 34. Bg2 Bg3+ 35. Kf3 Bh4 36. a5 Rf5+ 37. Kg4 Be1 38. a6 Rf2 39. Bc6 h5+ 40. Kh3 Ra2 41. Bf3 Bc3 42. a7 Be5 43. Bg2 Kf6 44. Rc8 Rxa7 45. Rxc5 Ra2 46. Rb5 g5 0-1

[Event "Elit(LASK-Eksjo)"]
[Site "?"]
[Date "2025.01.19"]
[Round "6"]
[White "Lukez, Giamfranko"]
[Black "Pantzar, Milton"]
[Result "0-1"]
[WhiteElo "2276"]
[BlackElo "2452"]
[PlyCount "98"]
[EventDate "2025.??.??"]
[SourceVersionDate "2025.01.31"]

1. Nf3 d5 2. g3 Nf6 3. Bg2 c6 4. O-O Bg4 5. d3 e6 6. c4 dxc4 7. dxc4 Qxd1 8. Rxd1 Nbd7 9. Nc3 Bb4 10. Bd2 Bxf3 11. Bxf3 Ne5 12. b3 O-O-O 13. Be1 Nxf3+ 14. exf3 g5 15. Kf1 Be7 16. Ke2 h5 17. Rxd8+ Rxd8 18. Rd1 Rg8 19. h3 Kc7 20. Bd2 Nd7 21. g4 f5 22. Rg1 hxg4 23. hxg4 Bf6 24. gxf5 exf5 25. f4 g4 26. Nd1 Kd6 27. Ne3 Ke6 28. Rh1 Rh8 29. Re1 Nc5 30. Nf1 Ne4 31. Ng3 Rh2 32. Nxe4 fxe4 33. Be3 a6 34. Rg1 Kf5 35. Kf1 Bd8 36. Rg2 Rh1+ 37. Rg1 Rxg1+ 38. Kxg1 Bc7 39. Kf1 Bxf4 40. Bc5 e3 41. fxe3 Bg5 42. Ke2 Ke4 43. Bb6 Bh4 44. Bc7 g3 45. Bf4 g2 46. Bh2 Bg3 47. Bg1 c5 48. a3 a5 49. a4 b6 0-1

[Event "Elit(SS 4 Springare-Rockaden,Stockholm)"]
[Site "?"]
[Date "2025.01.19"]
[Round "6"]
[White "Blomqvist, Erik"]
[Black "Gajic, Mladen"]
[Result "1-0"]
[WhiteElo "2481"]
[BlackElo "2266"]
[PlyCount "69"]
[SourceVersionDate "2025.01.31"]

1. e4 Nf6 2. e5 Nd5 3. c4 Nb6 4. d4 d6 5. exd6 cxd6 6. Nc3 g6 7. a4 a5 8. c5 dxc5 9. Bb5+ N6d7 10. Bg5 h6 11. Bh4 Bg7 12. Nd5 g5 13. Bg3 O-O 14. Bc7 Qe8 15. h4 g4 16. Nb6 Ra6 17. dxc5 Nc6 18. Bxa6 bxa6 19. Ne2 Bxb2 20. Rb1 Ba3 21. O-O Nxc5 22. Qd2 Ne6 23. Qxh6 Bb7 24. Nf4 Ncd4 25. Be5 f6 26. Bxd4 Nxd4 27. Ng6 Ne2+ 28. Kh1 Bxg2+ 29. Kxg2 Qc6+ 30. f3 Re8 31. Qh8+ Kf7 32. Qh7+ Ke6 33. Rbe1 gxf3+ 34. Rxf3 Qe4 35. Nf8+ 1-0

[Event "Elit(LASK-Eksjo)"]
[Site "?"]
[Date "2025.01.19"]
[Round "6"]
[White "Jogstad, Martin"]
[Black "Krantz, Christopher"]
[Result "1-0"]
[WhiteElo "2375"]
[BlackElo "2219"]
[PlyCount "87"]
[SourceVersionDate "2025.01.31"]

1. c4 g6 2. g3 Bg7 3. Bg2 d6 4. Nf3 Bd7 5. Nc3 Qc8 6. h4 Nf6 7. d4 c5 8. d5 O-O 9. Bg5 Re8 10. Qd2 h5 11. e4 Bg4 12. Ng1 Na6 13. Bh6 Nc7 14. Bxg7 Kxg7 15. Qg5 e5 16. Qd2 Rb8 17. a4 a6 18. Bf1 Bd7 19. Bd3 b5 20. axb5 axb5 21. b3 bxc4 22. bxc4 Rb4 23. Nf3 Qb7 24. O-O Ra8 25. Rxa8 Qxa8 26. Ng5 Qa3 27. Rb1 Na6 28. Nb5 Rxb1+ 29. Bxb1 Bxb5 30. cxb5 Nb4 31. Qe1 Qb2 32. b6 c4 33. b7 Nd7 34. f4 c3 35. fxe5 dxe5 36. Qf1 f6 37. Ne6+ Kf7 38. Qb5 Qxb1+ 39. Kh2 Qb2+ 40. Kh3 Ke7 41. b8=Q Nxb8 42. Qc5+ Kd7 43. Qc7+ Ke8 44. Qd8+ 1-0

[Event "Elit(SS 4 Springare-Rockaden,Stockholm)"]
[Site "?"]
[Date "2025.01.19"]
[Round "6"]
[White "Seiger, Vidar"]
[Black "Sorensen, Hampus"]
[Result "0-1"]
[WhiteElo "2164"]
[BlackElo "2424"]
[PlyCount "118"]
[SourceVersionDate "2025.01.31"]

1. Nf3 Nf6 2. g3 b6 3. Bg2 Bb7 4. O-O g6 5. b4 Bg7 6. Bb2 d6 7. c4 c5 8. b5 O-O 9. d3 e6 10. a4 a5 11. bxa6 Rxa6 12. Nc3 Nc6 13. Nb5 Qe7 14. Qb3 d5 15. Nd2 d4 16. Na3 Rfa8 17. Nc2 Na5 18. Qa3 Bxg2 19. Kxg2 Qd7 20. e3 e5 21. exd4 exd4 22. Rfb1 Nb7 23. Qb3 Qc6+ 24. Nf3 Rxa4 25. Rxa4 Rxa4 26. Bxd4 cxd4 27. Ncxd4 Qd7 28. Qxb6 Nd8 29. Qb5 Ra8 30. Qxd7 Nxd7 31. Nb5 Ra1 32. Rxa1 Bxa1 33. Kf1 Ne5 34. Nxe5 Bxe5 35. d4 Bf6 36. Ke2 Nc6 37. Kd3 Kf8 38. c5 Ke7 39. f4 h5 40. Kc4 Na5+ 41. Kd5 Kd7 42. Na7 Bd8 43. h3 Bc7 44. c6+ Kd8 45. Nb5 h4 46. gxh4 Bxf4 47. Kc5 f5 48. d5 Be3+ 49. Kd6 f4 50. c7+ Kc8 51. Ke7 Bc5+ 52. d6 Nb7 53. Ke6 Nxd6 54. Nc3 f3 55. Nd1 Nc4 56. h5 gxh5 57. Kd5 Ne3+ 58. Ke4 Nxd1 59. Kxf3 Be7 0-1

[Event "Elit(LASK-Eksjo)"]
[Site "?"]
[Date "2025.01.19"]
[Round "6"]
[White "Johnson, Bjorn"]
[Black "Ahlander, Bjorn"]
[Result "0-1"]
[WhiteElo "2188"]
[BlackElo "2387"]
[PlyCount "96"]
[SourceVersionDate "2025.01.31"]

1. d4 Nf6 2. Nf3 e6 3. e3 c5 4. Bd3 Nc6 5. O-O d5 6. b3 Be7 7. Bb2 O-O 8. Nbd2 b6 9. Ne5 Nxe5 10. dxe5 Nd7 11. Qh5 g6 12. Qh6 Re8 13. f4 Bf8 14. Qh3 b5 15. Bxb5 Qa5 16. Bc6 Rb8 17. Nf3 Re7 18. Bxd7 Rxd7 19. Qg3 Ba6 20. Rfe1 Rbd8 21. Qf2 d4 22. Qd2 Qb6 23. Ba3 Bb7 24. e4 Bc6 25. Kh1 Qb7 26. Qe2 d3 27. cxd3 Rxd3 28. Rac1 Bb5 29. Qf2 Bc6 30. Qe2 Bh6 31. g3 Bb5 32. Qf2 c4 33. bxc4 Bc6 34. Bd6 Bxe4 35. Rxe4 Qxe4 36. Kg2 Re3 37. Re1 Rxe1 38. Qxe1 Qxc4 39. Qf2 a6 40. Kh3 Bf8 41. Bxf8 Kxf8 42. Ng5 Kg8 43. Qa7 Rf8 44. Qe7 Qf1+ 45. Kh4 Qg2 46. Nh3 Qxh2 47. Qg5 Qxa2 48. Qf6 Qd2 0-1

[Event "Elit(SS 4 Springare-Rockaden,Stockholm)"]
[Site "?"]
[Date "2025.01.19"]
[Round "6"]
[White "Wiedenkeller, Michael"]
[Black "Kingsley, Elias"]
[Result "1-0"]
[WhiteElo "2380"]
[BlackElo "2082"]
[PlyCount "99"]
[SourceVersionDate "2025.01.31"]

1. d4 Nf6 2. Bg5 c5 3. Bxf6 exf6 4. c3 Qb6 5. Qd2 g6 6. e3 Bg7 7. Na3 O-O 8. Nc4 Qc7 9. dxc5 Qxc5 10. Nd6 f5 11. Nf3 a6 12. Bc4 Nc6 13. Qd5 Qxd5 14. Bxd5 Ne5 15. O-O-O Rb8 16. Kc2 b5 17. Nxe5 Bxe5 18. Bf3 Rb6 19. Nxc8 Rxc8 20. Rxd7 b4 21. Bd5 bxc3 22. Bxf7+ Kf8 23. b3 Rd6 24. Rxd6 Bxd6 25. Bc4 Be5 26. Rd1 Ke7 27. g3 Rc5 28. Re1 g5 29. f4 Bf6 30. fxg5 Bxg5 31. Kxc3 a5 32. Kd3 Kd6 33. a3 Ke5 34. b4 axb4 35. axb4 Rc7 36. Rb1 Rd7+ 37. Ke2 Be7 38. Bd3 Ra7 39. Rb2 Bd6 40. b5 Ke6 41. b6 Ra5 42. b7 Bb8 43. Rb6+ Kf7 44. Bc4+ Kg7 45. Rc6 Ra7 46. Ba6 Kf7 47. Kd3 Ke7 48. Kc4 Kd7 49. Kb5 Bc7 50. Rh6 1-0

[Event "Elit(LASK-Eksjo)"]
[Site "?"]
[Date "2025.01.19"]
[Round "6"]
[White "Mauritsson, Sebastian"]
[Black "Malesevic, Nedeljko"]
[Result "1-0"]
[WhiteElo "2391"]
[BlackElo "2219"]
[PlyCount "121"]
[SourceVersionDate "2025.01.31"]

1. e4 c6 2. d4 d5 3. Nc3 dxe4 4. Nxe4 Nd7 5. Ng5 Ngf6 6. Bd3 e6 7. N1f3 Bd6 8. Qe2 Qe7 9. Bd2 h6 10. Ne4 Nxe4 11. Bxe4 Nf6 12. Bd3 c5 13. dxc5 Bxc5 14. O-O-O Bd7 15. Ne5 Bc6 16. f4 a6 17. Rhe1 Rc8 18. Kb1 b5 19. g4 Bd5 20. h4 h5 21. g5 Ng4 22. Nxg4 hxg4 23. Qxg4 Bf2 24. h5 Bxe1 25. Rxe1 Kd7 26. f5 Kc6 27. Bb4 Qc7 28. fxe6 fxe6 29. Rxe6+ Bxe6 30. Be4+ Kd7 31. Qd1+ Ke8 32. Bg6+ Bf7 33. Qe1+ Kd8 34. Ba5 Bxg6 35. hxg6 Qxa5 36. Qxa5+ Kd7 37. Qd2+ Kc6 38. Qc3+ Kb6 39. Qd4+ Kc6 40. a4 Rc7 41. a5 Rb8 42. b4 Rbb7 43. Qc5+ Kd7 44. Qd5+ Ke7 45. Qe5+ Kd8 46. Qd6+ Rd7 47. Qxa6 Kc7 48. Qe6 Rb8 49. Kb2 Rb7 50. c4 bxc4 51. Kc3 Kb8 52. Kxc4 Rdc7+ 53. Kb3 Ka7 54. Qe3+ Ka8 55. Qe8+ Rb8 56. Qe4+ Ka7 57. Qd4+ Ka8 58. Qd5+ Ka7 59. b5 Rcc8 60. Qd7+ Ka8 61. b6 1-0

[Event "Elit(SS 4 Springare-Rockaden,Stockholm)"]
[Site "?"]
[Date "2025.01.19"]
[Round "6"]
[White "Tripathi, Pratyush"]
[Black "Barkhagen, Jonas"]
[Result "0-1"]
[WhiteElo "2002"]
[BlackElo "2411"]
[PlyCount "58"]
[SourceVersionDate "2025.01.31"]

1. d4 Nf6 2. Nf3 e6 3. c4 d5 4. g3 c6 5. Bg2 Be7 6. O-O Ne4 7. Nbd2 f5 8. Ne1 O-O 9. Nxe4 dxe4 10. Nc2 Nd7 11. b3 Qc7 12. Bb2 e5 13. e3 exd4 14. exd4 Nf6 15. Qe2 Bd7 16. f3 exf3 17. Bxf3 Rae8 18. Qg2 f4 19. g4 Qc8 20. h3 h5 21. Kh2 hxg4 22. hxg4 Nxg4+ 23. Bxg4 Bxg4 24. d5 Bd6 25. Kh1 f3 26. Qf2 Re2 27. Qd4 Rh2+ 28. Kg1 Rg2+ 29. Kh1 Rf6 0-1

[Event "Elit(Limhamn-Vaxjo)"]
[Site "?"]
[Date "2025.01.19"]
[Round "6"]
[White "Solodovnichenko, Yuri"]
[Black "Domingo Nunez, Ruben"]
[Result "1-0"]
[WhiteElo "2511"]
[BlackElo "2426"]
[PlyCount "97"]
[SourceVersionDate "2025.01.31"]

1. e4 c6 2. d4 d5 3. Nc3 dxe4 4. Nxe4 Nf6 5. Nxf6+ exf6 6. Bc4 Na6 7. Nf3 Qe7+ 8. Be3 Be6 9. Bxa6 bxa6 10. O-O Qb7 11. b3 Bd6 12. c4 Bg4 13. h3 Bh5 14. g4 Bg6 15. Nh4 h5 16. Nxg6 fxg6 17. Qd3 O-O-O 18. Qxg6 hxg4 19. Qxg4+ Kb8 20. d5 cxd5 21. Rad1 Be5 22. Rxd5 Rxd5 23. cxd5 g5 24. Rd1 Rd8 25. Qe6 Qh7 26. Qxa6 g4 27. Qb5+ Ka8 28. Qc6+ Kb8 29. d6 gxh3 30. Qc7+ Qxc7 31. dxc7+ Bxc7 32. Rxd8+ Bxd8 33. Kh2 a5 34. Kxh3 Kc7 35. Kg4 Kc6 36. a4 Bc7 37. f4 Kd5 38. Kf5 Bd8 39. Bf2 Bc7 40. Bg1 Bd8 41. Be3 Bc7 42. Bf2 Bd6 43. Be1 Bc7 44. Bc3 Kc5 45. Kg4 Kd5 46. Bxf6 Ke4 47. f5 Kd3 48. Be7 Be5 49. f6 1-0

[Event "Elit(Kungstornet-Kristallen)"]
[Site "?"]
[Date "2025.01.19"]
[Round "6"]
[White "Lindh, Fredrik"]
[Black "Lyrberg, Patrik"]
[Result "1/2-1/2"]
[WhiteElo "2269"]
[BlackElo "2439"]
[PlyCount "87"]
[SourceVersionDate "2025.01.31"]

1. e4 Nf6 2. e5 Nd5 3. d4 Nb6 4. a4 a5 5. Nf3 d5 6. Bb5+ c6 7. Bd3 Bg4 8. h3 Bxf3 9. Qxf3 e6 10. Qg3 N6d7 11. O-O c5 12. dxc5 Nc6 13. Nc3 Ndxe5 14. Bf4 Nxd3 15. cxd3 Bxc5 16. Qxg7 Bd4 17. Qg3 Kd7 18. Be3 Rg8 19. Qf4 Qf6 20. Qxf6 Bxf6 21. Rfd1 Bd4 22. Ne2 Bxe3 23. fxe3 Nb4 24. Rac1 Rac8 25. d4 Rc2 26. Rxc2 Nxc2 27. Rf1 Nxe3 28. Rxf7+ Ke8 29. Rf2 Ke7 30. Nc3 Rf8 31. Re2 Nf5 32. Nxd5+ Kd6 33. Nc3 Nxd4 34. Rd2 e5 35. Ne4+ Kd5 36. Ng5 h6 37. Nf3 Ke4 38. Kf2 Nxf3 39. Re2+ Kf4 40. gxf3 Rc8 41. Re4+ Kf5 42. b4 axb4 43. Rxb4 Rc2+ 44. Kg3 1/2-1/2

[Event "Elit(Wasa-Stockholms SS)"]
[Site "?"]
[Date "2025.01.19"]
[Round "6"]
[White "Lokander, Martin"]
[Black "Berg, Emanuel"]
[Result "1-0"]
[WhiteElo "2468"]
[BlackElo "2502"]
[PlyCount "97"]
[SourceVersionDate "2025.01.31"]

1. d4 Nf6 2. c4 e6 3. Nc3 Bb4 4. a3 Bxc3+ 5. bxc3 b6 6. f3 d5 7. cxd5 exd5 8. e3 O-O 9. Bd3 c5 10. Ne2 Ba6 11. O-O Bxd3 12. Qxd3 Re8 13. Ng3 Nc6 14. Bb2 Rc8 15. Rae1 Qd7 16. e4 dxe4 17. fxe4 Ne5 18. Qe2 cxd4 19. cxd4 Nc4 20. Ba1 Nxa3 21. d5 Nxe4 22. Nxe4 Nc2 23. Qd3 f5 24. Nf6+ gxf6 25. Rxe8+ Qxe8 26. d6 Qe3+ 27. Qxe3 Nxe3 28. Bxf6 Nxf1 29. d7 Rf8 30. Kxf1 Kf7 31. d8=Q Rxd8 32. Bxd8 Ke6 33. Ke2 Kd5 34. Kd3 Kc5 35. Be7+ Kd5 36. Bf6 a5 37. Bd8 Kc5 38. Kc3 h5 39. h4 a4 40. Be7+ Kd5 41. Kb4 Ke6 42. Bg5 b5 43. Bc1 f4 44. Bxf4 Kf5 45. Bd6 Kg4 46. g3 Kf3 47. Kxb5 a3 48. Bxa3 Kxg3 49. Be7 1-0

[Event "Elit(Limhamn-Vaxjo)"]
[Site "?"]
[Date "2025.01.19"]
[Round "6"]
[White "Garriga Cazorla, Pere"]
[Black "Hillarp-Persson, Tiger"]
[Result "1-0"]
[WhiteElo "2491"]
[BlackElo "2468"]
[PlyCount "87"]
[SourceVersionDate "2025.01.31"]

1. d4 Nf6 2. c4 e6 3. Nf3 d5 4. Nc3 Nbd7 5. cxd5 exd5 6. Bf4 Nb6 7. e3 Bf5 8. h3 Bd6 9. Ne5 O-O 10. g4 Be6 11. Bd3 c5 12. g5 Ne4 13. Nxe4 dxe4 14. Bxe4 Bd5 15. Bxd5 Nxd5 16. dxc5 Bxe5 17. Bxe5 Re8 18. Bd4 Nf4 19. Bc3 Qxg5 20. Qg4 Nd3+ 21. Ke2 Qxg4+ 22. hxg4 Nxc5 23. Rac1 Ne6 24. Rhd1 Rad8 25. Rxd8 Rxd8 26. f4 f6 27. Bb4 h6 28. f5 Ng5 29. Rc7 a5 30. Bxa5 Ra8 31. Bc3 Rxa2 32. Rxb7 Ne4 33. Bd4 h5 34. gxh5 Ng3+ 35. Kd3 Nxf5 36. Bc3 Ra6 37. b4 Ra3 38. Rc7 Nd6 39. Rc6 Nb5 40. Rc5 Nxc3 41. Rxc3 Ra8 42. b5 Kh7 43. b6 Kh6 44. b7 1-0